[Event "Fouesnant op 13th"]
[Site "Fouesnant"]
[Date "2007.10.29"]
[Round "4"]
[White "Baudry, Alain"]
[Black "Mallejac, Germain"]
[Result "1/2-1/2"]
[WhiteElo "1793"]
[BlackElo "1420"]
[PlyCount "116"]
[EventDate "2007.10.27"]
[EventType "swiss"]
[EventRounds "9"]
[EventCountry "FRA"]
[SourceTitle "EXT 2008"]
[Source "ChessBase"]
[SourceDate "2007.11.25"]
[SourceVersion "1"]
[SourceVersionDate "2007.11.25"]
[SourceQuality "1"]

1. d4 d5 2. c4 e6 3. Nc3 Nf6 4. Bg5 Bb4 5. Nf3 Nbd7 6. Bxf6 Qxf6 7. cxd5 exd5 8. Qb3 Bxc3+ 9. bxc3 c6 10. e3 0-0 11. Bd3 Qd6 12. Qc2 Nf6 13. Ng5 g6 14. a4 Be6 15. Rb1 Qd7 16. 0-0 Rfe8 17. Rb2 Rab8 18. Rfb1 b6 19. h3 Qe7 20. Nf3 Bd7 21. Ne5 c5 22. Nxd7 Nxd7 23. Bb5 Rbc8 24. Qe2 cxd4 25. cxd4 Red8 26. Rc2 Nf6 27. Rbc1 Rxc2 28. Rxc2 Kg7 29. Rc6 Rd6 30. Rc8 Rd8 31. Rc3 Ne4 32. Rc6 Rd6 33. Rc1 Ng5 34. f3 h6 35. Rc3 Nh7 36. g3 Nf6 37. Kf2 Qe6 38. g4 Qe7 39. Kg2 Nh7 40. Qc2 Nf8 41. Rc7 Qxe3 42. Rxa7 Rf6 43. Qd1 Ne6 44. Kg3 Qf4+ 45. Kg2 h5 46. a5 h4 47. Bf1 Qg3+ 48. Kh1 Qb8 49. axb6 Qxb6 50. Ra6 Qc7 51. Qe1 g5 52. Qe5 Qxe5 53. dxe5 Rxf3 54. Bg2 Rd3 55. Rd6 Nf4 56. Rd7 Kg6 57. Rd6+ Kg7 58. Rd7 Kg6 1/2-1/2

[Event "Fouesnant op 13th"]
[Site "Fouesnant"]
[Date "2007.10.28"]
[Round "2"]
[White "Baudry, Alain"]
[Black "Roussel, Glenn"]
[Result "1-0"]
[WhiteElo "1793"]
[BlackElo "1490"]
[PlyCount "65"]
[EventDate "2007.10.27"]
[EventType "swiss"]
[EventRounds "9"]
[EventCountry "FRA"]
[SourceTitle "EXT 2008"]
[Source "ChessBase"]
[SourceDate "2007.11.25"]
[SourceVersion "1"]
[SourceVersionDate "2007.11.25"]
[SourceQuality "1"]

1. d4 d5 2. c4 e6 3. Nc3 Nf6 4. Nf3 Bb4 5. a3 Bxc3+ 6. bxc3 Nc6 7. Bg5 h6 8. Bxf6 Qxf6 9. cxd5 exd5 10. Qb3 Qd6 11. e3 0-0 12. Bd3 b6 13. 0-0 Bg4 14. Nd2 Rfe8 15. Rac1 Rad8 16. h3 Bh5 17. Bb5 Re6 18. Qa4 a5 19. c4 Na7 20. cxd5 Qxd5 21. Bc4 Qc6 22. Qb3 a4 23. Qb2 b5 24. Bxe6 Qxe6 25. Rxc7 Nc8 26. Qxb5 Rd5 27. Qb7 Nd6 28. Qa8+ Kh7 29. Rfc1 Rg5 30. Kh2 Qd5 31. Qxd5 Rxd5 32. Rd7 f6 33. Rcc7 1-0

[Event "Fouesnant op 13th"]
[Site "Fouesnant"]
[Date "2007.10.27"]
[Round "1"]
[White "Jolly, Jean Francois"]
[Black "Baudry, Alain"]
[Result "1-0"]
[WhiteElo "2305"]
[BlackElo "1793"]
[PlyCount "41"]
[EventDate "2007.10.27"]
[EventType "swiss"]
[EventRounds "9"]
[EventCountry "FRA"]
[SourceTitle "EXT 2008"]
[Source "ChessBase"]
[SourceDate "2007.11.25"]
[SourceVersion "1"]
[SourceVersionDate "2007.11.25"]
[SourceQuality "1"]

1. d4 d5 2. c4 c6 3. Nf3 Nf6 4. e3 Bg4 5. h3 Bf5 6. Nc3 e6 7. Qb3 Qc7 8. Bd2 Nbd7 9. Rc1 dxc4 10. Bxc4 Nb6 11. Be2 Be7 12. 0-0 Ne4 13. Nxe4 Bxe4 14. Ba5 0-0 15. Nd2 Bd5 16. Qd3 e5 17. e4 Be6 18. d5 Bd7 19. Nc4 Bd6 20. dxc6 Bxc6 21. Qxd6 1-0

[Event "Metz op 24th"]
[Site "Metz"]
[Date "2006.04.25"]
[Round "4"]
[White "Fosset, Francois"]
[Black "Baudry, Alain"]
[Result "1/2-1/2"]
[WhiteElo "2029"]
[BlackElo "1797"]
[PlyCount "25"]
[EventDate "2006.04.22"]
[EventType "swiss"]
[EventRounds "9"]
[EventCountry "FRA"]
[SourceTitle "EXT 2007"]
[Source "ChessBase"]
[SourceDate "2006.11.23"]
[SourceVersion "1"]
[SourceVersionDate "2006.11.23"]
[SourceQuality "1"]

1. Nf3 d6 2. b3 Nf6 3. Bb2 g6 4. g3 Bg7 5. Bg2 0-0 6. d3 Nbd7 7. Nbd2 c6 8. 0-0 Re8 9. h3 Qc7 10. Re1 e5 11. e4 d5 12. c3 dxe4 13. dxe4 1/2-1/2

[Event "Metz op 24th"]
[Site "Metz"]
[Date "2006.04.23"]
[Round "2"]
[White "Bruned, Boris"]
[Black "Baudry, Alain"]
[Result "1-0"]
[WhiteElo "2226"]
[BlackElo "1797"]
[PlyCount "83"]
[EventDate "2006.04.22"]
[EventType "swiss"]
[EventRounds "9"]
[EventCountry "FRA"]
[SourceTitle "EXT 2007"]
[Source "ChessBase"]
[SourceDate "2006.11.23"]
[SourceVersion "1"]
[SourceVersionDate "2006.11.23"]
[SourceQuality "1"]

1. e4 d6 2. d4 Nf6 3. Nc3 g6 4. f4 Bg7 5. Nf3 0-0 6. Bd3 c5 7. d5 e6 8. 0-0 a6 9. a4 exd5 10. Nxd5 Nxd5 11. exd5 Nd7 12. c4 Rb8 13. Rb1 Nf6 14. h3 Bd7 15. b4 cxb4 16. Rxb4 b5 17. axb5 axb5 18. Ba3 bxc4 19. Rxc4 Bb5 20. Rd4 Bxd3 21. Rxd3 Qb6+ 22. Kh2 Ne4 23. Nd4 Bxd4 24. Rxd4 Nc3 25. Qd3 Rfc8 26. Rb4 Qc7 27. Rc1 Rxb4 28. Bxb4 Qc4 29. Qxc4 Rxc4 30. Bxc3 Rxf4 31. Ra1 f5 32. Ra6 Rc4 33. Be1 Rc1 34. Bg3 Rd1 35. Rxd6 Kf7 36. Be5 Ke7 37. Kg3 Re1 38. Re6+ Kf7 39. Rf6+ Ke7 40. d6+ Kd7 41. Rf7+ Ke6 42. Re7+ 1-0

[Event "St Chely d'Aubrac op 5th"]
[Site "St Chely d'Aubrac"]
[Date "2005.07.09"]
[Round "1"]
[White "Moingt, Jean Claude"]
[Black "Baudry, Alain"]
[Result "1-0"]
[WhiteElo "2292"]
[BlackElo "1785"]
[PlyCount "61"]
[EventDate "2005.07.09"]
[EventType "swiss"]
[EventRounds "9"]
[EventCountry "FRA"]
[SourceTitle "CBM 107 Extra"]
[Source "ChessBase"]
[SourceDate "2005.09.01"]
[SourceVersion "1"]
[SourceVersionDate "2005.09.01"]
[SourceQuality "1"]

1. e4 c5 2. Nf3 d6 3. d4 cxd4 4. Nxd4 Nf6 5. Nc3 a6 6. Be2 g6 7. 0-0 Bg7 8. Be3 0-0 9. f4 Nbd7 10. Nb3 b5 11. Bf3 Bb7 12. a3 Rc8 13. Qd2 Rc4 14. e5 Bxf3 15. exf6 Nxf6 16. gxf3 Qc7 17. Rad1 Rc8 18. Qf2 Qd7 19. Na5 Rxc3 20. bxc3 Rxc3 21. Nb3 Qf5 22. Nd4 Qc5 23. Rd3 Qxa3 24. Rxc3 Qxc3 25. Qd2 Qc7 26. Ra1 Qb7 27. Qa5 Nd5 28. Qd8+ Bf8 29. Bd2 Qa7 30. c3 e5 31. fxe5 1-0

[Event "St Chely d'Aubrac op 4th"]
[Site "St Chely d'Aubrac"]
[Date "2004.07.20"]
[Round "5"]
[White "Capron, Daniel"]
[Black "Baudry, Alain"]
[Result "1-0"]
[WhiteElo "2105"]
[BlackElo "1710"]
[PlyCount "51"]
[EventDate "2004.07.17"]
[EventType "swiss"]
[EventRounds "9"]
[EventCountry "FRA"]
[SourceTitle "CBM 101 Extra"]
[Source "ChessBase"]
[SourceDate "2004.09.01"]
[SourceVersion "2"]
[SourceVersionDate "2004.09.01"]
[SourceQuality "1"]

1. e4 c5 2. b4 cxb4 3. a3 bxa3 4. Nxa3 Nc6 5. d4 e6 6. c3 Nf6 7. Bd3 b6 8. e5 Nd5 9. Bd2 Bb7 10. f4 Na5 11. Nf3 Rc8 12. 0-0 a6 13. Ng5 g6 14. Ne4 f5 15. exf6 Nxf6 16. Ng5 Be7 17. Qc2 0-0 18. Bxg6 hxg6 19. Qxg6+ Kh8 20. f5 Bd6 21. fxe6 Qe7 22. Nf7+ Rxf7 23. exf7 Nh7 24. Bh6 Be5 25. dxe5 Qxe5 26. Rae1 1-0

[Event "St Chely d'Aubrac op 4th"]
[Site "St Chely d'Aubrac"]
[Date "2004.07.18"]
[Round "2"]
[White "Carabetta, Gaetan"]
[Black "Baudry, Alain"]
[Result "1/2-1/2"]
[WhiteElo "1300"]
[BlackElo "1710"]
[PlyCount "63"]
[EventDate "2004.07.17"]
[EventType "swiss"]
[EventRounds "9"]
[EventCountry "FRA"]
[SourceTitle "CBM 101 Extra"]
[Source "ChessBase"]
[SourceDate "2004.09.01"]
[SourceVersion "2"]
[SourceVersionDate "2004.09.01"]
[SourceQuality "1"]

1. d4 d5 2. c4 c6 3. Nc3 Nf6 4. Bg5 e6 5. e3 Be7 6. Nf3 Nbd7 7. Be2 h6 8. Bh4 dxc4 9. Bxc4 Nb6 10. Be2 0-0 11. 0-0 Nbd5 12. Bd3 Nb4 13. Bb1 b6 14. Re1 Bb7 15. a3 Nbd5 16. Nxd5 Nxd5 17. Bxe7 Qxe7 18. Qd3 f5 19. e4 Nf4 20. Qc2 c5 21. dxc5 Bxe4 22. Qc1 Nd3 23. Bxd3 Bxd3 24. cxb6 axb6 25. Qe3 Be4 26. Ne5 Qb7 27. f3 Bd5 28. Rac1 Ra4 29. Ng6 Rf6 30. Nf4 Ba2 31. Nh5 Rg6 32. Nf4 1/2-1/2